000 00702nam a2200241 i 4500
001 bg
100 1 _aDIXON, Rob
245 0 _aBanking in Europe :
_bthe single market /
_cRob Dixon.
250 _aRev. ed.
260 _aLondon ; New York :
_bRoutledge,
_c1993.
300 _aXII, 145 s. :
_b2 wykr. ;
_c22 cm.
504 _aBibliogr. - Index.
610 2 9 _aEuropejska Wspólnota Gospodarcza
_xzagadnienia
650 9 _aBanki
_xzagadnienia
_zEuropa Zachodnia
650 9 _aBankowość
_xzagadnienia
_zEuropa Zachodnia
020 _a0415103770
040 _cBPK
041 0 _aen
080 _a336.71(4-67)
920 _a0-415-10377-0
942 _cKS
008 s pl f |000 0 pol
999 _c32758
_d32758
856 _uhttp://koha.tu.koszalin.pl/cgi-bin/koha/opac-detail.pl?biblionumber=32758
_yKatalog online BPK